| 000 | 00593cam a22001695a 4500 | ||
|---|---|---|---|
| 001 | 169984 | ||
| 005 | 20250603102739.0 | ||
| 008 | 980804r19971995enka 001 0 eng d | ||
| 020 |
_a0749422270 (pbk) : _c£16.99 : Formerly CIP |
||
| 050 | 0 | 0 | _aACQUISITION IN PROCESS (COPIED)(lccopycat) |
| 100 | 1 |
_aCook, Sarah, _d1955- |
|
| 245 | 1 | 0 |
_aPractical benchmarking : _ba manager's guide to creating a competitive advantage / _cSarah Cook. |
| 260 |
_aLondon : _bKogan Page, _c1995 _g(1997 [printing]) |
||
| 300 |
_a187 p. : _bill. ; _c23 cm. |
||
| 650 | 0 | _aBenchmarking (Management) | |
| 942 |
_2lcc _cBK _n0 |
||
| 999 |
_c6188 _d6188 |
||